000 00337nam a22001457a 4500
003 CEME
005 20210628202313.0
008 210302b xxu||||| |||| 00| 0 eng d
040 _c.
082 _a0333 WAS
100 _aDr, Sarfaraz K Niazi
_959245
245 _aThe welness guide
260 _aLAHORE
_bFEROZ
_c2001
942 _cBK
_2ddc
999 _c569268
_d569268